La estrategia para la prevención y el control integrado del dengue en Mesoamérica /

Salvato in:
Dettagli Bibliografici
Autore principale: Gómez-Dantés, Héctor
Altri autori: San Martín, José Luis, Danis-Lozano, Rogelio, Manrique-Saide, Paula
Natura: testo
Pubblicazione: Instituto Nacional de Salud Pública México:
Tags: Aggiungi Tag
Nessun Tag, puoi essere il primo ad aggiungerne!!

MARC

LEADER 00000 a a2200000 04500
001 46502
003
040
090 |a REV1584 53(Supl. 3) 2011  
100 |a Gómez-Dantés, Héctor  
245 |a La estrategia para la prevención y el control integrado del dengue en Mesoamérica /  |c Héctor Gómez-Dantés, José Luis San Martín ; Rogelio Danis-Lozano ; Paula Manrique-Saide 
260 |b Instituto Nacional de Salud Pública   |b México:  
700 |a San Martín, José Luis 
700 |a Danis-Lozano, Rogelio  
700 |a Manrique-Saide, Paula  
773 |g volumen53, Suplemento 3 ( , 2011), , páginas 358-367  
999 |c 37240  |d 37240